| 000 | 00646nam a2200241Ia 4500 | ||
|---|---|---|---|
| 003 | OSt | ||
| 005 | 20221007104702.0 | ||
| 006 | a|||||r|||| 00| 0 | ||
| 007 | ta | ||
| 008 | 221006b |||||||| |||| 00| 0 eng d | ||
| 024 | _a16,550 | ||
| 037 | _cTextual | ||
| 040 |
_aLCO _cLCO _beng |
||
| 041 |
_2eng _aeng |
||
| 082 | _aZ2,5221, L2 | ||
| 100 |
_aKatare Shyam Sunder _9304969 |
||
| 245 | 0 | _aPatterns of Dacoity in India | |
| 260 |
_aNew _bDelhi S. Chand & Co. India _c1972 |
||
| 300 | _a213 | ||
| 650 |
_aPATTERNS OF DACOITY _9706271 |
||
| 942 |
_hZ2,5221, L2 _cTEXL |
||
| 999 |
_c1186113 _d1186113 |
||